IDEB - índice de desenvolvimento da educação básica e gastos em educação : (Record no. 1587)

MARC details
000 -LÍDER
Campo Fixo de Controle 01168nam a2200265 a 4500
001 - NÚMERO DE CONTROLE
Campo de Controle 1587
003 - IDENTIFICAÇÃO DO NÚMERO DE CONTROLE
Campo de Controle BR-CuiBMT
005 - DATA E HORA DA ÚLTIMA ATUALIZAÇÃO
Campo de Controle 20231216013720.0
008 - DADOS FIXOS
Dados Fixos 231215s2016 msba 000 0 por d
020 ## - INTERNATIONAL STANDARD BOOK NUMBER
Nº do ISBN 9788566564075
040 ## - AGÊNCIA CATALOGADORA
Código da Agência Catalogadora BR-CuiBMT
Agência que transcreveu o registro BR-CuiBMT
080 ## - Nº DA CLASSIFICAÇÃO DECIMAL UNIVERSAL
Nº Class. CDU 351.94:37.014.55
Subd. Auxiliar Comum (817.1)
Nº edição CDU 2007
090 ## - NÚMERO DE CHAMADA
Nº classificação 351.94:37.014.55(817.1)
Cutter M433i
110 1# - ENTRADA PRINCIPAL -- ENTIDADE
Nome da entidade ou lugar Mato Grosso do Sul.
Unidade subordinada Tribunal de Contas.
245 10 - TÍTULO PRINCIPAL
Título principal IDEB - índice de desenvolvimento da educação básica e gastos em educação :
Subtítulo contribuições para análise das contas municipais do estado de Mato Grosso do Sul 2005/2015 /
Indicação de responsabilidade Tribunal de Contas do Estado de Mato Grosso do Sul ; elaboradora Fernanda Olegario dos Santos Ferreira ... [et al.].
260 ## - PUBLICAÇÃO, DISTRIBUIÇÃO, ETC.
Local de publicação Campo Grande :
Editora TCE - Mato Grosso do Sul,
Data 2016.
300 ## - DESCRIÇÃO FÍSICA
N. páginas ou volumes 143 p. :
Ilustrações il. ;
Dimensões 26 cm
490 1# - INDICAÇÃO DE SÉRIE
Título da série Série transparência ;
Volume/designação sequencial da série v. 6
650 ## - ASSUNTO TÓPICO
Cabeçalho tópico ou nome geográfico Políticas públicas
Subdivisão geral Indicadores
-- IDEB
650 ## - ASSUNTO TÓPICO
Cabeçalho tópico ou nome geográfico Avaliação de programas
Subdivisão geral Gastos públicos
650 ## - ASSUNTO TÓPICO
Cabeçalho tópico ou nome geográfico Educação
Subdivisão geral Ensino fundamental
Subdivisão geográfica Mato Grosso do Sul
700 1# - ENTRADA SECUNDÁRIA -- NOME PESSOAL
Nome pessoal Ferreira, Fernanda Olegario dos Santos
Termo de relação et al.
Cód. do termo explicativo elab.
830 #0 - ENTRADA SECUNDÁRIA DE SÉRIE -- TÍTULO UNIFORME
Título uniforme Transparência ;
Nº do volume/designação sequencial da série 6
942 ## - ELEMENTOS DE ENTRADA ADICIONAIS (KOHA)
Fonte de classificação ou esquema de arquivamento Classificação Decimal Universal
Tipo de item do Koha Livros
Holdings
Estado: removido Estado: perdido Fonte de classificação ou esquema de arquivamento Estado: danificado Indisponível para empréstimo Localização permanente Localização atual Data de aquisição Total Checkouts Número de Chamada completo Código de barras Date last seen Número do exemplar Preço efetivo a partir de Tipo de item (Koha)
    Classificação Decimal Universal     Biblioteca da Escola Superior de Contas do TCE/MT Biblioteca da Escola Superior de Contas do TCE/MT 15/12/2023   351.94:37.014.55(817.1) M433i BIBTCEMT23120685 16/12/2023 Ex. 1 16/12/2023 Livros

Powered by Koha